Joueurs de Premier League - Mort Subite - Statistiques

Statistiques générales
  • Ce quiz a été pris 167 fois
  • Le résultat moyen est 3 sur 16
Answers on the Grid
Answers color-coded by a green-red scale on the quiz's grid according to % correct below.
Amara Nallo
Paul Onuachu
Wilfred Ndidi
Julio Enciso
Jeanricner Bellegarde
Wesley Foderingham
Luca Williams-Barnett
Isaac Heath
Chadi Riad
Kim Ji-Soo
Julio Soler
Brajan Gruda
Liam Delap
Ato Ampah
Murillo dos Santos
Emil Krafth
Alfredo Morelos
Matheus Pereira
Douglas Luiz
Borna Sosa
Santiago Ascacíbar
Marten de Roon
Ayoze Pérez
James Trafford
 
Statistiques - réponses
Réponse % Correct
Liam Delap
59%
Wilfred Ndidi
56%
Julio Enciso
37%
Jeanricner Bellegarde
27%
Paul Onuachu
23%
Emil Krafth
19%
Wesley Foderingham
17%
Ato Ampah
13%
Chadi Riad
13%
Kim Ji-Soo
13%
Julio Soler
12%
Murillo dos Santos
12%
Brajan Gruda
11%
Isaac Heath
11%
Luca Williams-Barnett
10%
Amara Nallo
5%
Aucun quiz correspondant
Distribution des résultats
% des personnes avec chaque résultat
Percentile par nombre de réponses
Votre historique - résultats
Vous n’avez pas pris ce quiz